[Event "Sparkassen-Open A"]
[Site "Heusenstamm, Martinsee"]
[Date "2022.11.18"]
[Round "2.78"]
[White "Burkhardt, Jan"]
[Black "Weil, Michael"]
[Result "0-1"]
[WhiteElo "1619"]
[BlackElo "1879"]
[PlyCount "74"]
[EventDate "2022.??.??"]
[WhiteTeam "Sfr.Mainz 1928"]
[BlackTeam "SC Steinbach"]

1. d4 d5 2. c4 e6 3. Nf3 c6 4. g3 Bd6 5. Bg2 f5 6. O-O Nf6 7. Bg5 Nbd7 8. e3
O-O 9. Qc2 h6 10. Bf4 Bxf4 11. exf4 Ne4 12. Nc3 Ndf6 13. Ne5 Bd7 14. Ng6 Re8
15. c5 Kh7 16. Ne5 Rf8 17. Rab1 Be8 18. f3 Nxc3 19. bxc3 b6 20. Nd3 Nd7 21.
Rfe1 Bf7 22. Rb2 bxc5 23. Reb1 c4 24. Ne5 Nxe5 25. fxe5 Qa5 26. Rb7 Bg6 27.
R1b4 Rf7 28. Ra4 Qd8 29. Rxf7 Bxf7 30. Ra6 Be8 31. f4 Qc8 32. Qa4 c5 33. Qa3
cxd4 34. Rxa7 Rxa7 35. Qxa7 dxc3 36. Qa3 c2 37. Kf2 Qb8 0-1

[Event "Sparkassen-Open A"]
[Site "Heusenstamm, Martinsee"]
[Date "2022.11.18"]
[Round "2.79"]
[White "Bahlo, Jens"]
[Black "Kissel, Tom"]
[Result "1-0"]
[WhiteElo "1898"]
[BlackElo "1660"]
[PlyCount "69"]
[EventDate "2022.??.??"]
[WhiteTeam "SK 1858 Gießen"]
[BlackTeam "SF Sailauf"]

1. e4 Nc6 2. d4 e6 3. c3 d5 4. e5 Bd7 5. Nf3 Qe7 6. Bd3 f6 7. Bf4 O-O-O 8. Nbd2
h6 9. h4 Qf7 10. h5 Nge7 11. Bg3 g5 12. exf6 Qxf6 13. b4 Nf5 14. Be5 Nxe5 15.
Nxe5 Bd6 16. Nxd7 Rxd7 17. Qa4 Nxd4 18. b5 Bc5 19. O-O Nf5 20. Nb3 Bb6 21. Bxf5
Qxf5 22. Qb4 g4 23. Nc5 Rf7 24. a4 Bxc5 25. Qxc5 b6 26. Qc6 Rhf8 27. a5 bxa5
28. g3 Qe5 29. Qa8+ Kd7 30. Qxa7 Rf3 31. Ra2 Qxc3 32. b6 Qc5 33. Rxa5 Qxf2+ 34.
Rxf2 Rxf2 35. Qxc7+ 1-0

[Event "Sparkassen-Open A"]
[Site "Heusenstamm, Martinsee"]
[Date "2022.11.18"]
[Round "2.80"]
[White "Griesfeller, Sven"]
[Black "Kolker, Vladislav"]
[Result "1-0"]
[WhiteElo "1534"]
[BlackElo "1898"]
[PlyCount "53"]
[EventDate "2022.??.??"]
[WhiteTeam "SD Büdingen-Wächtersbach"]
[BlackTeam "SC Bad Nauheim"]

1. e4 e5 2. Nf3 Nc6 3. Bb5 f5 4. Nc3 fxe4 5. Nxe4 Nf6 6. Nxf6+ Qxf6 7. Qe2 d6
8. d4 Bg4 9. d5 a6 10. dxc6 axb5 11. cxb7 Rb8 12. Qxb5+ Bd7 13. Qa6 Be7 14. Be3
c5 15. O-O-O O-O 16. Bxc5 dxc5 17. Qxf6 gxf6 18. Rxd7 Rf7 19. Rhd1 Bf8 20. Rxf7
Kxf7 21. Rd7+ Be7 22. Nh4 Ke6 23. Rc7 Kd6 24. Rc8 Rxb7 25. Nf5+ Ke6 26. Nxe7
Rxe7 27. Rxc5 1-0

[Event "Sparkassen-Open A"]
[Site "Heusenstamm, Martinsee"]
[Date "2022.11.18"]
[Round "2.81"]
[White "Root, Martin"]
[Black "Stolle, Hendrik"]
[Result "1-0"]
[WhiteElo "1771"]
[BlackElo "1641"]
[PlyCount "51"]
[EventDate "2022.??.??"]
[WhiteTeam "Spvgg Böblingen"]
[BlackTeam "TG Biberach"]

1. e4 g6 2. d4 Bg7 3. c4 Nc6 4. Nf3 e5 5. d5 Nd4 6. Be3 c5 7. dxc6 dxc6 8. h3
Qf6 9. Bxd4 exd4 10. e5 Qf4 11. Bd3 Bxe5 12. g3 Qf6 13. Qe2 Ne7 14. Nxe5 O-O
15. Ng4 Qg5 16. Nd2 Bf5 17. f4 Bxg4 18. Qxg4 Qa5 19. O-O-O Qxa2 20. f5 Qa1+ 21.
Nb1 Nd5 22. cxd5 cxd5 23. Qxd4 Rac8+ 24. Kd2 Qa5+ 25. Ke2 Rfe8+ 26. Kf2 1-0

[Event "Sparkassen-Open A"]
[Site "Heusenstamm, Martinsee"]
[Date "2022.11.18"]
[Round "2.82"]
[White "Lorenz, Alexander"]
[Black "Wachsmann, Elmar"]
[Result "0-1"]
[WhiteElo "1691"]
[BlackElo "1858"]
[PlyCount "80"]
[EventDate "2022.??.??"]
[WhiteTeam "SV Bergwinkel"]
[BlackTeam "SC Groß-Umstadt"]

1. e4 e5 2. Nf3 Nc6 3. d4 exd4 4. Bc4 Nf6 5. e5 d5 6. Bb5 Ne4 7. Nxd4 Bd7 8.
Nxc6 bxc6 9. Bd3 Bf5 10. Be3 Qd7 11. O-O Be7 12. Nd2 Nc5 13. Nb3 Nxd3 14. cxd3
O-O 15. Rc1 f6 16. f4 fxe5 17. fxe5 Qe6 18. d4 Qg6 19. Na5 Be4 20. Rxf8+ Rxf8
21. Qe2 c5 22. dxc5 Rf5 23. Nb3 Rxe5 24. Bf4 Rf5 25. Bxc7 Bg5 26. Rc3 h5 27. c6
h4 28. Nd4 Rf8 29. Be5 Qe8 30. Bd6 Bf6 31. Qe3 Qg6 32. g3 Bxd4 33. Qxd4 Qxd6
34. c7 Rc8 35. Qxa7 hxg3 36. hxg3 d4 37. Rb3 Rxc7 38. Qb8+ Kh7 39. Qe8 Rc1+ 40.
Kf2 Qf6+ 0-1

[Event "Sparkassen-Open A"]
[Site "Heusenstamm, Martinsee"]
[Date "2022.11.18"]
[Round "2.83"]
[White "Groß, Phillip"]
[Black "Francke, Helmut"]
[Result "0-1"]
[WhiteElo "1669"]
[BlackElo "1892"]
[PlyCount "106"]
[EventDate "2022.??.??"]
[WhiteTeam "Spvgg Böblingen"]
[BlackTeam "SC Bad Nauheim"]

1. d4 Nf6 2. c4 e6 3. Nc3 Bb4 4. e3 O-O 5. Nge2 Re8 6. a3 Bf8 7. e4 d6 8. Ng3
Nbd7 9. Be2 e5 10. d5 a5 11. Be3 b6 12. O-O Nc5 13. b4 Nb7 14. Qc2 Ng4 15. Bd2
g6 16. Nb5 Bg7 17. f3 Nf6 18. Be3 Nd7 19. Ra2 Rf8 20. Bd3 f6 21. h4 h5 22. Qd2
Rf7 23. Rf2 Bf8 24. Qc1 Be7 25. Rfc2 Rg7 26. Bh6 Rh7 27. Be3 Nf8 28. f4 Nd7 29.
Rf2 exf4 30. Bxf4 Ne5 31. Qf1 Bg4 32. Be2 axb4 33. Bxe5 Bxe2 34. Qxe2 fxe5 35.
axb4 Rxa2 36. Qxa2 Bxh4 37. Rf3 Qb8 38. Ra3 Qe8 39. Ra8 Nd8 40. Qa3 Rf7 41. Qe3
Rg7 42. Rc8 Rd7 43. Rxc7 Rxc7 44. Nxc7 Qd7 45. Nb5 Nf7 46. Nc3 Qc7 47. Nce2
Qxc4 48. Qxb6 Bd8 49. Qb7 h4 50. Qc6 Qd3 51. b5 hxg3 52. Nxg3 Qxg3 53. b6 Qe3+
0-1

[Event "Sparkassen-Open A"]
[Site "Heusenstamm, Martinsee"]
[Date "2022.11.18"]
[Round "2.85"]
[White "Klein, Levent"]
[Black "Schellenberger, Dirk"]
[Result "1/2-1/2"]
[WhiteElo "1486"]
[BlackElo "1799"]
[PlyCount "61"]
[EventDate "2022.??.??"]
[WhiteTeam "SC Weilerbach"]
[BlackTeam "SC Aschaffenburg"]

1. d4 Nf6 2. c4 g6 3. Nc3 d5 4. Nf3 Bg7 5. Bf4 c6 6. e3 O-O 7. h3 b6 8. Rc1 e6
9. h4 Nbd7 10. cxd5 exd5 11. Ne2 Bb7 12. Ng3 Re8 13. b4 a5 14. b5 c5 15. Bd3
Ne4 16. O-O Rc8 17. Ne2 Ndf6 18. Be5 Bf8 19. Nd2 Ng4 20. Nf3 Nxe5 21. dxe5 Bg7
22. Qc2 Bxe5 23. Rfd1 Bd6 24. g3 Qc7 25. Bxe4 dxe4 26. Nd2 Bf8 27. Nc4 Rcd8 28.
Nc3 Re6 29. Rxd8 Qxd8 30. Rd1 Qc7 31. Qd2 1/2-1/2

[Event "Sparkassen-Open A"]
[Site "Heusenstamm, Martinsee"]
[Date "2022.11.18"]
[Round "2.86"]
[White "Vangsgaard, Claus"]
[Black "Olson, Philip Christoph"]
[Result "1-0"]
[WhiteElo "1888"]
[BlackElo "1429"]
[PlyCount "49"]
[EventDate "2022.??.??"]
[WhiteTeam "Vejlby-Risskov SK"]
[BlackTeam "SC Bad Nauheim"]

1. d4 Nf6 2. e3 g6 3. Bd3 Bg7 4. Nd2 O-O 5. Qe2 d6 6. e4 e5 7. dxe5 dxe5 8.
Ngf3 Nc6 9. c3 a6 10. O-O Qe7 11. Rd1 Ne8 12. b4 Nd6 13. a4 Be6 14. Ba3 Qe8 15.
Nc4 Bxc4 16. Bxc4 Nxc4 17. Qxc4 Rc8 18. b5 axb5 19. Qxb5 Ne7 20. Qxb7 f6 21.
Bxe7 Qxe7 22. Qc6 Rfd8 23. a5 Ra8 24. Rd5 Rxd5 25. Qxd5+ 1-0

[Event "Sparkassen-Open A"]
[Site "Heusenstamm, Martinsee"]
[Date "2022.11.18"]
[Round "2.87"]
[White "Sarbu, Marc Constantin"]
[Black "Blaschke, Henri Johannes"]
[Result "0-1"]
[WhiteElo "1557"]
[BlackElo "1822"]
[PlyCount "92"]
[EventDate "2022.??.??"]
[WhiteTeam "SV Jedesheim 1921"]
[BlackTeam "SK Vellmar"]

1. e4 c5 2. c3 e6 3. d4 d5 4. exd5 exd5 5. Bb5+ Nc6 6. Nf3 Bd6 7. O-O Nge7 8.
Be3 c4 9. Nbd2 Qb6 10. Bxc6+ Qxc6 11. Bg5 f6 12. Bh4 O-O 13. Bg3 Nf5 14. Bxd6
Nxd6 15. Re1 Bf5 16. Nh4 Bd3 17. Qg4 Rae8 18. Nf1 Rxe1 19. Rxe1 Re8 20. Re6 Qd7
21. Rxe8+ Qxe8 22. Ne3 Be4 23. Qf4 Qe6 24. Nf3 b5 25. a3 a5 26. Qg4 Qxg4 27.
Nxg4 Bxf3 28. gxf3 Kf7 29. Kg2 Ke6 30. Ne3 g5 31. Kg3 h5 32. h3 Nf5+ 33. Nxf5
Kxf5 34. Kh2 Kf4 35. Kg2 h4 36. Kg1 a4 37. Kh2 Kxf3 38. Kg1 f5 39. Kf1 g4 40.
hxg4 h3 41. Kg1 fxg4 42. b3 axb3 43. a4 b2 44. axb5 b1=Q+ 45. Kh2 Qf1 46. b6
Qg2# 0-1

[Event "Sparkassen-Open A"]
[Site "Heusenstamm, Martinsee"]
[Date "2022.11.18"]
[Round "2.88"]
[White "Mohr, Thomas"]
[Black "Rohatgi, Kushagra"]
[Result "1/2-1/2"]
[WhiteElo "1886"]
[BlackElo "1490"]
[PlyCount "95"]
[EventDate "2022.??.??"]
[WhiteTeam "SC FK Babenhausen 1994"]
[BlackTeam "TuS Makkabi Ffm"]

1. f4 d5 2. Nf3 Nf6 3. e3 Bg4 4. Be2 Nbd7 5. O-O g6 6. d4 Bxf3 7. Bxf3 Bg7 8.
Nd2 c6 9. Qe2 O-O 10. c3 Rc8 11. e4 dxe4 12. Nxe4 Nxe4 13. Bxe4 Nf6 14. Kh1
Nxe4 15. Qxe4 Qd7 16. f5 Rce8 17. fxg6 fxg6 18. Bf4 Qd5 19. Qxd5+ cxd5 20. Kg1
e5 21. Bxe5 Rxf1+ 22. Kxf1 Bxe5 23. Re1 Rf8+ 24. Kg1 Bg7 25. Re7 Bh6 26. g4 Rb8
27. Rd7 Bc1 28. Rxd5 Bxb2 29. Rc5 Bc1 30. Kf2 Bf4 31. h3 Kf7 32. Kf3 g5 33. h4
h6 34. hxg5 hxg5 35. c4 Re8 36. Rd5 Re3+ 37. Kf2 Ke6 38. a4 Rg3 39. Rb5 b6 40.
a5 bxa5 41. Rxa5 Rxg4 42. Ra6+ Kd7 43. Rxa7+ Bc7 44. Ke3 Rf4 45. c5 Rf5 46. Ke4
Rf4+ 47. Ke3 Rf5 48. Ke4 1/2-1/2

[Event "Sparkassen-Open A"]
[Site "Heusenstamm, Martinsee"]
[Date "2022.11.18"]
[Round "2.89"]
[White "Reuter, Klaus"]
[Black "Marchese, Andrea"]
[Result "0-1"]
[WhiteElo "1599"]
[BlackElo "1869"]
[PlyCount "50"]
[EventDate "2022.??.??"]
[WhiteTeam "vereinslos"]
[BlackTeam "SC Matt im Park Ffm"]

1. Nf3 d5 2. g3 c5 3. Bg2 Nc6 4. O-O Nf6 5. d3 e5 6. c3 Be7 7. Qc2 O-O 8. b3
Ne8 9. Bb2 f5 10. a3 a5 11. e3 Qc7 12. c4 d4 13. exd4 exd4 14. Re1 f4 15. Nbd2
Bf5 16. Re2 Nf6 17. Rae1 Bd6 18. Ne4 Nxe4 19. dxe4 Bg6 20. Nh4 Ne5 21. Nxg6
Nxg6 22. Qd3 Ne5 23. Qb1 f3 24. Rd2 fxg2 25. Qc2 Nf3+ 0-1

[Event "Sparkassen-Open A"]
[Site "Heusenstamm, Martinsee"]
[Date "2022.11.18"]
[Round "2.90"]
[White "Winter, Lars"]
[Black "Rotermund, Verena"]
[Result "0-1"]
[WhiteElo "1880"]
[BlackElo "1585"]
[PlyCount "68"]
[EventDate "2022.??.??"]
[WhiteTeam "SV Fechenheim"]
[BlackTeam "Vorw.Orient Mainz"]

1. e4 e6 2. d4 d5 3. Nc3 Nf6 4. Bg5 Be7 5. e5 Nfd7 6. Bxe7 Qxe7 7. f4 a6 8. Nf3
c5 9. Qd2 Nc6 10. Ne2 O-O 11. c3 f6 12. g3 b5 13. Bg2 Bb7 14. O-O Rac8 15. Rac1
a5 16. g4 b4 17. Ng3 bxc3 18. bxc3 cxd4 19. cxd4 Ba6 20. Rfe1 Nb4 21. Rxc8 Rxc8
22. exf6 Nxf6 23. f5 Rc2 24. Qf4 Nd3 25. Qe3 Nxe1 26. Nxe1 Rb2 27. h3 Ne4 28.
Bxe4 dxe4 29. Qxe4 Bb7 30. Qe5 Bd5 31. Nd3 Rg2+ 32. Kf1 Qb7 33. Ne1 Qb5+ 34.
Ne2 Rxe2 0-1

[Event "Sparkassen-Open A"]
[Site "Heusenstamm, Martinsee"]
[Date "2022.11.18"]
[Round "2.92"]
[White "Hebauf, Markus"]
[Black "Reinecke, Katharina"]
[Result "0-1"]
[WhiteElo "1547"]
[BlackElo "1875"]
[PlyCount "46"]
[EventDate "2022.??.??"]
[WhiteTeam "Sfr.1932 Kelkheim"]
[BlackTeam "SK Langen"]

1. d4 d5 2. c4 c6 3. Nc3 Nf6 4. Nf3 e6 5. Bg5 Be7 6. e3 O-O 7. Bxf6 Bxf6 8. Qc2
Nd7 9. Bd3 h6 10. cxd5 exd5 11. O-O-O b5 12. Rdg1 b4 13. Ne2 Qa5 14. Kb1 c5 15.
b3 Ba6 16. Bh7+ Kh8 17. Nf4 cxd4 18. exd4 Rfc8 19. Qf5 Nf8 20. Qh5 Kxh7 21.
Nxd5 Bd3+ 22. Ka1 Qd8 23. Qxf7 Bg6 0-1